000 00702nam a2200241Ia 4500
003 OSt
005 20221005085525.0
006 a|||||r|||| 00| 0
007 ta
008 221004b |||||||| |||| 00| 0 eng d
024 _a41312
037 _cTextual
040 _aCRL
_cCRL
_beng
041 _2eng
_aeng
082 _aO-,2J64,54:ga, M0.1-.2
100 _aChampion Larry S Co.
_9614289
245 0 _aKing Lear
_b An annotated bibliography
260 _aNew York
_bGarland
_c1980
490 _aGarland Shakespeare bibliographies; 1
650 _aENGLISH LITERATURE
942 _hO-,2J64,54:ga, M0.1-.2
_cTEXL
_2cc
999 _c994367
_d994367